Harry Prime
Salvato in:
| Autore principale: | |
|---|---|
| Altri autori: | |
| Natura: | Libro |
| Lingua: | spagnolo |
| Pubblicazione: |
Buenos Aires
Manantial
2006
|
| Edizione: | 1a. ed |
| Soggetti: | |
| Tags: |
Aggiungi Tag
Nessun Tag, puoi essere il primo ad aggiungerne!!
|
MARC
| LEADER | 00000cam a2200000 a 4500 | ||
|---|---|---|---|
| 001 | UCH5960 | ||
| 003 | CL-VaPUC | ||
| 005 | 20211118130910.0 | ||
| 008 | 091105e20060000AG |||||||||||||||||spa|d | ||
| 999 | |c 336952 |d 336950 | ||
| 020 | |a 9875000981 | ||
| 040 | |c Pontificia Universidad Católica de Valparaíso | ||
| 082 | 0 | 4 | |a 107 |b LIP |2 21 |
| 100 | |a Lipman, Matthew |e autor |9 414481 | ||
| 245 | 1 | 0 | |a Harry Prime |
| 250 | |a 1a. ed | ||
| 260 | |a Buenos Aires |b Manantial |c 2006 | ||
| 300 | |a 134 p | ||
| 583 | |a last modification |c 20120726 05:19:21 |k Rodrigo Vera | ||
| 650 | 7 | |a EDUCACION PARA ADULTOS |2 CL-VaPUC |9 354866 | |
| 650 | 0 | |a Filosofía de la educación |9 258384 | |
| 650 | 7 | |a INTRODUCCION A LA FILOSOFIA |2 CL-VaPUC |9 542331 | |
| 650 | 0 | |a Lógica |9 256849 | |
| 700 | 1 | |a Papandrea, Maximiliano |e traductor |9 864717 | |
| 942 | |c BK |2 ddc | ||
| 945 | |d 20091105 00:00:00 |a dcastane | ||
| 952 | |0 0 |1 0 |4 0 |6 107_000000000000000_LIP_2006 |7 0 |8 A |9 429027 |a BIBEDU |b BIBEDU |d 2019-11-22 |i 4614208 |o 107 LIP 2006 |p 4614208 |r 2019-11-22 |w 2019-11-22 |y BK |k FIL | ||
| 952 | |0 0 |1 0 |4 0 |6 107_000000000000000_LIP_2006 |7 0 |8 A |9 429028 |a BIBEDU |b BIBEDU |d 2019-11-22 |i 4884477 |o 107 LIP 2006 |p 4884477 |r 2019-11-22 |w 2019-11-22 |y BK |k FIL | ||